अब भी वक्त है, संभल ए नौजवान / (Record no. 50009)

MARC details
000 -LEADER
fixed length control field 01220nam a22002897a 4500
005 - DATE AND TIME OF LATEST TRANSACTION
control field 20101206113148.0
008 - FIXED-LENGTH DATA ELEMENTS--GENERAL INFORMATION
fixed length control field 101206t xxu||||| |||| 00| 0 hin d
010 ## - LCCN (DPL NO)
LC control number HIN-91572
020 ## - INTERNATIONAL STANDARD BOOK NUMBER
Terms of availability 250.00
International Standard Book Number 9788128826238
035 ## - SYSTEM CONTROL NUMBER
System control number HN-63918
037 ## - SOURCE OF ACQUISITION
Source of stock number/acquisition DBAD/PUB
040 ## - CATALOGING SOURCE
Original cataloging agency DPL
Language of cataloging HN
082 ## - DEWEY DECIMAL CLASSIFICATION NUMBER
Classification number 370
100 ## - MAIN ENTRY--PERSONAL NAME
9 (RLIN) 24598
Personal name सुदर्शन
245 ## - TITLE STATEMENT
Title अब भी वक्त है, संभल ए नौजवान /
Statement of responsibility, etc आचार्य सुदर्शन
246 ## - VARYING FORM OF TITLE
Title proper/short title ab bhi waqt hai, sambhal E Nawjawan
Remainder of title by Acharya Sudershan
260 ## - PUBLICATION, DISTRIBUTION, ETC. (IMPRINT)
Place of publication, distribution, etc नई दिल्ली
Name of publisher, distributor, etc डायमंड पॉकेट बुक्स
Date of publication, distribution, etc 2010
270 ## - ADDRESS
Address -30 ओखला इंडस्ट्रियल एरिया, फेज-11
City नई दिल्ली
Postal code 110020
Telephone number 011- 41611861
Fax number 011- 41611866
Electronic mail address sales@dpb.in
300 ## - PHYSICAL DESCRIPTION
Extent 135पृ.
Dimensions 22सेमी (सजिल्द)
650 ## - SUBJECT ADDED ENTRY--TOPICAL TERM
9 (RLIN) 1169
700 ## - ADDED ENTRY--PERSONAL NAME
9 (RLIN) 24599
700 ## - ADDED ENTRY--PERSONAL NAME
9 (RLIN) 25390
700 ## - ADDED ENTRY--PERSONAL NAME
9 (RLIN) 25450
700 ## - ADDED ENTRY--PERSONAL NAME
9 (RLIN) 25451
942 ## - ADDED ENTRY ELEMENTS (KOHA)
Source of classification or shelving scheme Dewey Decimal Classification
Item type Hindi Books
Call number suffix सुदर्श
Classification part 370
Holdings
Withdrawn status Lost status Source of classification or shelving scheme Damaged status Not for loan Collection code Home library Current library Date acquired Source of acquisition Cost, normal purchase price Total Checkouts Full call number Barcode Date last seen Copy number Cost, replacement price Koha item type
    Dewey Decimal Classification   Not For Loan Non-fiction D.B.Act.Division D.B.Act.Division 21/01/2011 DBAD /PUB 250.00   370सुदर्श HN-63918 21/01/2011 1 250.00 Hindi Books

© Delhi Public Library
Hit Counter
free hit counter